000 01855cam a22004214i 4500
003 PE-LiUPU
005 20250731173137.0
008 150623s r 000 0 d
035 _a(Sirsi) a27074
040 _aPE-LiUPU
_bspa
_cPE-LiUPU
_erda
082 0 4 _a286.732
_bM59
_221
100 1 _aMaxwell, C. Mervyn,
_d1925-1999,
_eautor.
245 1 0 _aMagnificent disappointment /
_cC. Mervyn Maxwell.
264 1 _aBerrien Springs, Michigan :
_bPetra Publishing Company,
_c2000.
300 _a175 páginas ;
_c21 cm.
336 _atext
_2rdacontent
337 _aunmediated
_2rdamedia
338 _avolume
_2rdacarrier
505 0 _aArriving at the date: Best man available. How Miller made his mistake. How do you calculate 1844?. Why october 22?. Discovering the event: What actually happened in heaven?. Investigative judgment: a seventh-day adventist invention?. Exploring the meaning: 1844 an being "adventist". 1844 and the sabbath. 1844 and the being ready. Investigative judgment: good news or bad news?. 1844 and worship. 1844 and being like Jesus. 1844 and lifestyle. The meaning of 1844.
526 _aSEG42
526 _aSEG41
526 _aSEG40
526 _aSEG39
526 _aP94
526 _aP87
526 _aP86
526 _aP85
526 _aP77
526 _aP76
526 _aP35
600 1 _aMiller, William.
_d1787-1849
650 0 4 _aAdventistas del séptimo día
_zEstados Unidos.
942 _2ddc
_cBOOK
949 _a286.732 M59
_wDEWEY
_c1
_i52352
_lCCODEBUL1
_mBUL
_p6.00
_r0
_sY
_tBOOK
_u2015-06-24
_xTEOLOGIA
_PP35
_0COMPRA
_o.STAFF. Colección General
596 _a1
999 _a286.732 M59
_wDEWEY
_c34175
_i52352
_f2021-11-11
_g6
_lCCODEBUL1
_mBUL
_p6.00
_r0
_sY
_tBOOK
_u2015-6-24
_xTEOLOGIA
_PP35
_0COMPRA
_o.STAFF. Colección General
_d34175
980 _81
_gALBERTO SANCHEZ Responsable de Automatización